000 00605nam a2200217Ia 4500
005 20241129104142.0
008 241129s9999||||xx |||||||||||||| ||und||
020 _a9781639892006
037 _aTextual
040 _aRTL
_beng
_cRTL
041 _aeng
_2eng
084 _aX64 R2
_qRTL
100 _aScott Daisy
_9724789
245 0 _aFinance: Markets investments and financial management
_cScott Daisy
260 _aNew York
_bStates Academic Press
_c2022
300 _avii,239p.
365 _aINR
_b12959.36
650 _aFinance
942 _cTB
_hX64 R2
999 _c1224646
_d1224646